| 000 | 01000nam a2200277 a 4500 | ||
|---|---|---|---|
| 001 | 665214 | ||
| 003 | OSt | ||
| 005 | 20141120131446.0 | ||
| 008 | 941028s1994 enka b 001 0 eng | ||
| 010 | _a 94224408 | ||
| 020 | _a0750619694 | ||
| 040 |
_aDLC _cDLC |
||
| 050 | 0 | 0 |
_aRA563.M56 _bE84 1994 |
| 082 | 0 | 0 |
_aWB 720 CRU 1989 _220 |
| 245 | 0 | 0 |
_aEthnic factors in health and disease / _cJ.K. Cruickshank, D.G. Beevers. |
| 260 |
_aOxford ; _aBoston : _bButterworth Heinemann, _c1994. |
||
| 300 |
_axx, 324 p. : _bill. ; _c24 cm. |
||
| 504 | _aIncludes bibliographical references and index. | ||
| 650 | 0 |
_aMinorities _xHealth and hygiene _xCross-cultural studies. _92072 |
|
| 650 | 0 |
_aMinorities _xDiseases _xCross-cultural studies. _92073 |
|
| 700 | 1 |
_aCruickshank, J. K. _q(John Kennedy) _92074 |
|
| 700 | 1 |
_aBeevers, D. G. _q(D. Gareth) _92075 |
|
| 906 |
_a7 _bcbc _corignew _d2 _encip _f19 _gy-gencatlg |
||
| 942 |
_2z _cSLOAN |
||
| 999 |
_c772 _d772 |
||